000 00639nam a2200229Ia 4500
003 OSt
005 20221007073407.0
006 a|||||r|||| 00| 0
007 ta
008 221006b |||||||| |||| 00| 0 eng d
024 _a21,954
037 _cTextual
040 _aFLL
_cFLL
_beng
041 _2eng
_aeng
082 _aZ2:805, J3
100 _aAirar K. Jagdisa
_9692172
245 0 _aLaw relating to security proceedings in india & pakistan
260 _aLucknow
_bEastern Book Company India
_c1953
300 _axii,287p
_ccm.
942 _hZ2:805, J3
_cTEXL
_2CC
999 _c1148586
_d1148586